000
00340nam a2200145Ia 4500
100
_a
Hannah/ J./ Hillier/M.J.
942
_c
BK
654
_a
Applied Mechanics
245
_a
Applied Mechanics
260
_b
English language book society
_a
Hong Kong
_c
1992
082
_a
620.1
_b
Han/Hil
300
_a
512
546
_a
ENGLISH
999
_c
19302
_d
19302